000 00383nam a2200157Ia 4500
003 OSt
005 20230526115744.0
008 211028s2017 xx 000 0 und d
040 _cAIMIT LIBRARY
041 _aeng
100 _aSuman, N; Ruban, S.
_98720
_e151926
110 _aRuban S
_98721
245 _aUser control management.
260 _aMangalore
_c2017
942 _2ddc
_cPRO
999 _c220029
_d220029